[Event "FRA-chT3 Gr14 0607"]
[Site "France"]
[Date "2007.01.21"]
[Round "5.8"]
[White "Reiss Martin, Solange"]
[Black "Denni, Helene"]
[Result "0-1"]
[WhiteElo "1680"]
[BlackElo "1700"]
[PlyCount "114"]
[EventDate "2006.10.15"]
[EventType "team"]
[EventRounds "9"]
[EventCountry "FRA"]
[SourceTitle "EXT 2008"]
[Source "ChessBase"]
[SourceDate "2007.11.25"]
[SourceVersion "1"]
[SourceVersionDate "2007.11.25"]
[SourceQuality "1"]

1. f4 d5 2. Nf3 Nc6 3. b3 Nf6 4. Bb2 e6 5. e3 Bd6 6. Bb5 a6 7. Bxc6+ bxc6 8. 0-0 0-0 9. d3 a5 10. Nbd2 Ba6 11. Ne5 Bxe5 12. Bxe5 c5 13. g4 d4 14. e4 Nd7 15. Bxg7 Kxg7 16. g5 Rg8 17. Qh5 Qe7 18. Rf3 Kh8 19. Rh3 f6 20. g6 Rg7 21. Kf2 Rag8 22. Rg1 Nf8 23. f5 exf5 24. exf5 Bc8 25. Re1 Qd7 26. Rf3 Bb7 27. Rf4 Qd5 28. Ne4 Rxg6 29. Ke2 Qe5 30. Rh4 Rg5 31. Qh6 Rxf5 32. Kd1 Bxe4 33. Rhxe4 Qd6 34. Re7 Re5 35. R7xe5 fxe5 36. Qh5 Ng6 37. Qf3 Rf8 38. Qg2 Qf6 39. Qe4 Qf3+ 40. Qxf3 Rxf3 41. Ke2 Re3+ 42. Kf2 Rxe1 43. Kxe1 Kg7 44. Kf2 Kf6 45. Kg3 Kg5 46. a4 h5 47. Kh3 Nf4+ 48. Kg3 h4+ 49. Kf3 Kf5 50. Kf2 Nd5 51. Kf3 Ne3 52. c3 Nf1 53. b4 dxc3 54. bxa5 c2 55. a6 c1Q 56. a7 Qd1+ 57. Kf2 Qxa4 0-1

[Event "Selestat op-B 13th"]
[Site "Selestat"]
[Date "2006.02.??"]
[Round "2"]
[White "Reiss Martin, Solange"]
[Black "Seremet, Mihai"]
[Result "0-1"]
[WhiteElo "1600"]
[BlackElo "1830"]
[PlyCount "102"]
[EventDate "2006.02.23"]
[EventType "swiss"]
[EventRounds "7"]
[EventCountry "FRA"]
[SourceTitle "CBM 111 Extra"]
[Source "ChessBase"]
[SourceDate "2006.05.09"]
[SourceVersion "1"]
[SourceVersionDate "2006.05.09"]
[SourceQuality "1"]

1. e4 c5 2. Nf3 d6 3. d4 cxd4 4. Nxd4 Nf6 5. Nc3 g6 6. Bc4 Bg7 7. 0-0 0-0 8. Be3 Bd7 9. h3 Nc6 10. Qd2 a6 11. a3 Rc8 12. Bb3 Na5 13. Ba2 Nc4 14. Bxc4 Rxc4 15. f3 b5 16. Rad1 Qc8 17. Nce2 Nh5 18. c3 Qb7 19. Bh6 Qb6 20. Kh2 Rc7 21. Bxg7 Nxg7 22. Ng3 Ne6 23. Nge2 Kg7 24. f4 Nxd4 25. Nxd4 Be6 26. Qf2 Qb8 27. Qg3 Bc4 28. Rf3 f6 29. Qh4 e5 30. fxe5 dxe5 31. Nc2 Be2 32. Rfd3 Bxd1 33. Rxd1 a5 34. Ne3 Qe8 35. Nd5 Rc6 36. Qg3 f5 37. Qe3 fxe4 38. Qa7+ Rf7 39. Qxa5 Rc8 40. Rd2 e3 41. Nxe3 e4 42. Qb4 Qe5+ 43. Kg1 Rcf8 44. c4 bxc4 45. Qxc4 Rc7 46. Qe2 h5 47. b4 Qa1+ 48. Kh2 Rc1 49. Ra2 Rh1+ 50. Kg3 Qe5+ 51. Kh4 g5+ 0-1